| 000 | 00951cab a2200253 4500 | ||
|---|---|---|---|
| 001 | WB3247-48 | ||
| 008 | 090401t1996 xxu||||| |||| 00| 0 eng d | ||
| 035 | _a(Sirsi) u69523 | ||
| 041 | _aeng | ||
| 245 | _aVendor and purchaser | ||
| 260 | _c1996 | ||
| 350 | _a0 | ||
| 490 |
_aEstates Gazette Case Summaries _v[1996] EGCS 192 (7/12/96) |
||
| 520 | _a"Smith v Drumm and others" QBD 19 November 1996. Purchasers of a flat unfit for human habitation by statute, only entitled to damages for discomfort. Completion taking place before pre-contractual inquiries was not a serious breach as the plaintiffs would still have entered into the contract. | ||
| 650 | _aDAMAGES | ||
| 650 | _aDEFECTIVE PREMISES ACT 1972 | ||
| 650 | _aMISREPRESENTATION | ||
| 650 | _aPRE-CONTRACTUAL INQUIRIES | ||
| 650 | _aSMITH V DRUMM AND OTHERS | ||
| 650 | _aUNFIT HOUSES | ||
| 690 | _aPROPERTY LAW AND PRACTICE-CASE LAW | ||
| 942 | _n0 | ||
| 948 | _c04/03/1997 | ||
| 999 |
_c43668 _d43668 |
||